000 00550nam a2200193Ia 4500
005 20250326142437.0
008 250326s9999 xx 000 0 und d
037 _aTextbook
040 _aFMSL
_beng
_cFMSL
041 _aeng
_2eng
084 _qFMSL
100 _aMartionson T H
_9746068
245 0 _aARCO Everything your meed to score high on the GMAT CAT : Computer-Adaptive test
_cMartionson T H
250 _aEd 10
260 _aDelhi
_bDelhi, W R Goyal Publisher
_c1998
300 _a546p
942 _cTB
999 _c1295052
_d1295052